000 00658nam a2200277Ia 4500
005 20260324122757.0
008 008 260324s9999 xx 000 0 eng d
020 _a9781315596952
037 _aEBOOK
040 _aCRL
040 _beng
040 _cCRL
041 _2eng
041 _aeng
084 _qCRL
100 _aOscar Odena
_91167771
245 0 _aMusical Creativity: Insights from Music Education Research
260 _bTaylor and Francis
260 _c2012
365 _a
365 _b230
856 _uhttp://www.taylorfrancis.com/books/9781315596952
942 _cEBOOK
999 _c1760760
_d1760760